| 000 | 00698nam a2200181Ia 4500 | ||
|---|---|---|---|
| 005 | 20260429112233.0 | ||
| 008 | 260429s9999||||xx |||||||||||||| ||und|| | ||
| 020 | _a9788193897409 | ||
| 041 | _aHindi | ||
| 082 |
_a294.5 _bDIM |
||
| 100 | _aडिमरी, जगदीश प्रसाद | ||
| 245 | 0 |
_aभारतीय बौद्धिक परंपरा : _bपरिचयातम्क प्रस्तुति / _cजगदीश प्रसाद डिमरी |
|
| 250 | _a1st ed. | ||
| 260 |
_aनई दिल्ली : _bप्रकाशन संस्थान, _c2021. |
||
| 300 | _a162 p.; Hb | ||
| 650 | _aवैदिक परंपरा | ||
| 942 | _cTB | ||
| 999 |
_c53056 _d53056 |
||